LEADER 00580oam 2200193z- 450 001 996574854103316 010 $a1-66544-509-2 035 $a(CKB)4100000012108937 035 $a(EXLCZ)994100000012108937 100 $a20220628c2021uuuu -u- - 101 0 $aeng 200 00$a2021 IEEE/CVF Conference on Computer Vision and Pattern Recognition (CVPR) 210 $cIEEE 311 $a1-66544-510-6 517 $a2021 IEEE/CVF Conference on Computer Vision and Pattern Recognition 906 $aPROCEEDING 912 $a996574854103316 996 $a2021 IEEE$92518023 997 $aUNISA LEADER 03532oam 2200673I 450 001 9910975159803321 005 20251116221003.0 010 $a1-135-23185-0 010 $a1-135-23186-9 010 $a1-283-04543-5 010 $a9786613045430 010 $a0-203-87178-2 024 7 $a10.4324/9780203871782 035 $a(CKB)2560000000059909 035 $a(EBL)646541 035 $a(OCoLC)707067605 035 $a(SSID)ssj0000468511 035 $a(PQKBManifestationID)12164309 035 $a(PQKBTitleCode)TC0000468511 035 $a(PQKBWorkID)10506930 035 $a(PQKB)10762652 035 $a(MiAaPQ)EBC646541 035 $a(Au-PeEL)EBL646541 035 $a(CaPaEBR)ebr10452532 035 $a(CaONFJC)MIL304543 035 $a(OCoLC)710992738 035 $a(EXLCZ)992560000000059909 100 $a20180706d2010 uy 0 101 0 $aeng 135 $aur|n|---||||| 181 $ctxt 182 $cc 183 $acr 200 12$aA disturbance in the field $eessays in transference-countertransference engagement /$fSteven H. Cooper 205 $a1st ed. 210 1$aNew York :$cRoutledge,$d2010. 215 $a1 online resource (250 p.) 225 1 $aRelational perspectives book series ;$vv. 46 300 $aDescription based upon print version of record. 311 08$a0-415-80629-1 311 08$a0-415-80628-3 320 $aIncludes bibliographical references and index. 327 $aBook Cover; Title; Copyright; Contents; Acknowledgments; Chapter 1 Introduction: The romance and melancholia of loving psychoanalysis; Chapter 2 The grandiosity of self-loathing: Transference-countertransference dimensions; Chapter 3 Privacy, reverie, and the analyst's ethical imagination; Chapter 4 The analyst's experience of being a transference object: An elusive form of countertransference to the psychoanalytic method?; Chapter 5 The analyst's anticipatory fantasies: Aid and obstacle to the patient's self-integration; Chapter 6 Psychoanalytic process: Clinical and political dimensions 327 $aChapter 7 Good enough vulnerability, victimization, and responsibility: Why one-and two-person models need one anotherChapter 8 The new bad object and the therapeutic action of psychoanalysis; Chapter 9 Franz Alexander's corrective emotional experience reconsidered; Chapter 10 Working through and working within: The continuity of enactment in the termination process; References; Index 330 $aThe field, as Steven Cooper describes it, is comprised of the inextricably related worlds of internalized object relations and interpersonal interaction. Furthermore, the analytic dyad is neither static nor smooth sailing. Eventually, the rigorous work of psychoanalysis will offer a fraught opportunity to work through the most disturbing elements of a patient's inner life as expressed and experienced by the analyst - indeed, a disturbance in the field. How best to proceed when such tricky yet altogether common therapeutic situations arise, and what aspects of transference/countertransferenc 410 0$aRelational perspectives book series ;$vv. 46. 606 $aTransference (Psychology) 606 $aPsychoanalysis 615 0$aTransference (Psychology) 615 0$aPsychoanalysis. 676 $a616.89/17 700 $aCooper$b Steven H.$f1951-$01875825 801 0$bMiAaPQ 801 1$bMiAaPQ 801 2$bMiAaPQ 906 $aBOOK 912 $a9910975159803321 996 $aA disturbance in the field$94487096 997 $aUNINA